| 000 | nam a22 a 4500 | ||
|---|---|---|---|
| 999 |
_c56058 _d56058 |
||
| 003 | BLK | ||
| 005 | 20230321104058.0 | ||
| 008 | 180408b bul|||||r ||||||| ||bul|| | ||
| 010 | _aKNG00060035000 | ||
| 040 | _aBLK | ||
| 041 |
_aBUL _cBUL |
||
| 080 |
_aВъншна търговия. Международна търговия. Външно-търговска политика. Мита. Вж и 336. 4 _b339.5 _z339.5 |
||
| 100 | 1 |
_aДаскалов, Павел _eпърви автор _9286596 |
|
| 139 |
_aДаскалов, Павел и др. _bД 24 |
||
| 245 | 1 | 0 |
_aВъншна търговия _bТехника на плащанията _cПавел Даскалов; съавт. Светослав Масларов. |
| 257 | _aBGR | ||
| 260 |
_bPrinceps _aВарна _c1992 _fРусе : Дунав-прес |
||
| 300 |
_a190 с. _c24 см |
||
| 380 | _a3 | ||
| 500 | _aОфс. изд. - 3 000 тир. | ||
| 650 | 4 |
_aВъншна търговия - плащания _9246940 |
|
| 653 | _aвъншна търговия | ||
| 653 | _aплащания | ||
| 653 | _aфинансиране | ||
| 700 | 1 |
_aМасларов, Светослав _eсъавт. _9363735 |
|
| 852 |
_aЦб 170611 _bЦб |
||
| 856 | 4 |
_qpdf _i0.00 _ldisable |
|
| 856 | 4 |
_qpdf _i0.00 _ldisable |
|
| 942 |
_cKNG _n0 _s1 |
||
| 944 |
_aCR _c13.06.2004 _lф / _kКети_Илиева |
||
| 944 |
_aED _c23.11.2012 _lф / |
||
| 999 | _d56058 | ||